000 00814nam a22002777a 4500
003 CHAP
005 20220329134009.0
008 971013s1876 r 00010 d
010 _a13805
011 _a14777
035 _a18851
040 _cCHAP
082 _a741.4
_bH4
100 0 0 _aHenriet, L. d'.
_953625
245 _aCours rationnel de dessin á l'usage des écoles élémentaires; le dessin d'imitation
250 _a2 ed.
260 _aParís :
_bHachette,
_c1876
300 _a152 p.
_b: ilus.
500 _aEncuadernado con dos impresos del mismo autor
590 _aBATCH-UPD
_b10
_c20130110
_lUCH01
_h1540
590 _aCONVERSION
_b10
_c20130109
_lUCH01
_h1309
650 1 4 _aDibujo.
_932443
901 _aBK
942 _cLIBRO
949 _a741.4 H4
_bBC
_cLIBRO
_d-43814
_eLIBRO
_h26043
_i18851
_si
999 _c13805
_d13805